书目信息 |
| 题名: |
综合防治儿童性侵犯专业指南
|
|
| 作者: | 龙迪 著 | |
| 分册: | ||
| 出版信息: | 北京 化学工业出版社 2017.12 |
|
| 页数: | 361页 | |
| 开本: | 24cm | |
| 丛书名: | ||
| 单 册: | ||
| 中图分类: | D924.344-62 | |
| 科图分类: | ||
| 主题词: | 性犯罪--xing fan zui--预防犯罪--未成年人保护法--中国--指南 | |
| 电子资源: | ||
| ISBN: | 978-7-122-30038-6 | |
| 000 | 01216nam0 2200241 450 | |
| 001 | 0105143313 | |
| 005 | 20201105143350.0 | |
| 010 | @a978-7-122-30038-6@b精装@dCNY78.00 | |
| 100 | @a20181129d2017 em y0chiy50 ea | |
| 101 | 0 | @achi |
| 102 | @aCN@b110000 | |
| 105 | @ay z 000yy | |
| 106 | @ar | |
| 200 | 1 | @a综合防治儿童性侵犯专业指南@Azong he fang zhi er tong xing qin fan zhuan ye zhi nan@f龙迪著 |
| 210 | @a北京@c化学工业出版社@d2017.12 | |
| 215 | @a361页@d24cm | |
| 314 | @a龙迪,中国科学院心理研究所,研究员,香港中文大学社会工作系哲学博士,中国科学院心理健康重点实验室研究员,中国心理学会临床与咨询心理学专业注册督导师,家庭治疗师,心理治疗师。现就职于中国科学院心理研究所心理健康促进中心、中央国家机关职工心理健康咨询中心。 | |
| 330 | @a本书是一部综合防治儿童性侵犯的专业工具书。作者基于丰富的研究文献、国际经验和本土实践,以儿童权利和性别公正为框架,破解关于儿童性侵犯的社会迷思,从预防、制止和专业支援服务三个方面,系统、深入探讨设计和落实多部门跨专业工作机制的专业理念和实务工作技巧。 | |
| 606 | 0 | @a性犯罪@Axing fan zui@x预防犯罪@x未成年人保护法@y中国@j指南 |
| 690 | @aD924.344-62@v5 | |
| 701 | 0 | @a龙迪@Along di@4著 |
| 801 | 0 | @aCN@bBJSZM@c20201105 |
| 905 | @b1262262-5@dD924.344-62@e975@f4 | |
| 综合防治儿童性侵犯专业指南/龙迪著.-北京:化学工业出版社,2017.12 |
| 361页;24cm |
| ISBN 978-7-122-30038-6(精装):CNY78.00 |
| 本书是一部综合防治儿童性侵犯的专业工具书。作者基于丰富的研究文献、国际经验和本土实践,以儿童权利和性别公正为框架,破解关于儿童性侵犯的社会迷思,从预防、制止和专业支援服务三个方面,系统、深入探讨设计和落实多部门跨专业工作机制的专业理念和实务工作技巧。 |
| ● |
| 相关链接 |
|
|
|
|
正题名:综合防治儿童性侵犯专业指南
索取号:D924.344-62/975
 
预约/预借
| 序号 | 登录号 | 条形码 | 馆藏地/架位号 | 状态 | 备注 |
| 1 | 1262262 | 212622624 | 第一样本阅览室/ [索取号:D924.344-62/975] | 在馆 | |
| 2 | 1262263 | 212622633 | 教育系资料室/ [索取号:D924.344-62/975] | 在馆 | |
| 3 | 1262264 | 212622642 | 教育系资料室/ [索取号:D924.344-62/975] | 在馆 | |
| 4 | 1262265 | 212622651 | 第一借阅区/ [索取号:D924.344-62/975] | 在馆 |